000 02211nam a22003497a 4500
001 103335
003 KnowledgeUnlatched
005 20210303105042.0
006 m o d
007 cr u||||||||||
008 210129p20152019xx o u00| u ger d
037 _5BiblioBoard
245 0 0 _aGlobal Player EU?
_bEine ideologiekritische Metaphernanalyse /
_cKarin Bischof.
020 _a9783839431153
029 1 _ahttps://library.biblioboard.com/ext/api/media/e6928e9b-2da0-479d-bbfb-8c790dd5c7d5/assets/thumbnail.jpg
040 _aScCtBLL
_cScCtBLL
100 1 _aBischof, Karin
_eauthor.
264 1 _btranscript Verlag,
300 _a1 online resource (243 p.)
506 0 _aAccess copy available to the general public.
_fUnrestricted
_2star
520 _aDie EU wäre gerne ein "global player", der auf dem Spielfeld von Weltwirtschaft und Weltpolitik den großen Jungs den Ball abnimmt. In Politik und Medien wollen die meisten die EU als globalen Spieler sehen, und zwar unabhängig von ihrer parteipolitischen und weltanschaulichen Positionierung. Doch was bedeutet diese Metapher? Welche Assoziationen weckt sie und welche Annahmen liegen ihr zugrunde? In ihrer gesellschaftstheoretisch fundierten und multidisziplinären Analyse dechiffriert Karin Bischof den "global player" als Verkörperung neoliberaler Sachzwanglogik und hegemonialer Männlichkeit und macht "neue" neoliberale Mechanismen von Inklusion und Exklusion (migrantischer) Anderer sichtbar. Die Metaphernanalyse zeigt: Politische Rhetorik wirkt - und Metaphern des Politischen sind alles andere als bloßes Ornament.
588 0 _aDescription based on print version record.
590 _aKU Open Services
650 7 _aPolitical Science
_2bisacsh
650 0 _aPolitical science
655 0 _aElectronic books.
758 _iIs found in:
_aKnowledge Unlatched
_1https://openresearchlibrary.org/module/2774bc74-146a-484f-a7ba-ab1d6a09bbfb
856 4 0 _uhttps://openresearchlibrary.org/content/e6928e9b-2da0-479d-bbfb-8c790dd5c7d5
_zView this content on Open Research Library.
_70
999 _c33418
_d33418